| 000 | 00469nam a2200181Ia 4500 | ||
|---|---|---|---|
| 001 | 13142 | ||
| 005 | 20260306163032.0 | ||
| 008 | 260306t2011||||xx |||||||||||||| ||spa|| | ||
| 041 | _aESP | ||
| 082 |
_a194 _bF78A |
||
| 100 |
_aFoucault, Michel _eAUT |
||
| 245 | 0 |
_aEl gobierno de sí y de los otros: _bcurso del collège de France (1982-1983) |
|
| 260 | _c2011 | ||
| 300 |
_a366 páginas : _c22 cm. |
||
| 650 | _aGEN | ||
| 654 | _aCED | ||
| 942 |
_cLIB _dJUS _fJUS _2ddc _n |
||
| 999 |
_c13142 _d13142 |
||